|
|
|
|
| LEADER |
00000naa a2200000uu 4500 |
| 001 |
vtls010926057 |
| 003 |
SK-MaSNL |
| 005 |
20260302141721.0 |
| 008 |
220808|1994 xo |||||||||||||||||slo| |
| 015 |
|
|
|a SNBRA
|
| 035 |
|
|
|a (urnnbn)urn:nbn:sk:snk:ar-a0d3ru
|
| 035 |
|
|
|a (uuid)0bc834a9-1551-4e41-806e-3e35ed853697
|
| 035 |
|
|
|a urn:nbn:sk:snk-aatsh9
|
| 040 |
|
|
|a SNKBUCL
|b slo
|c SNKBUCL
|e AACR2
|
| 041 |
0 |
|
|a slo
|
| 044 |
|
|
|a xo
|c SK
|
| 245 |
0 |
0 |
|a VLACHOVIČ, Jozef
|b historik, múzejník (12. 3. 1929 Trstín, okr. Trnava - 18. 1. 1977 Bratislava)
|
| 600 |
1 |
7 |
|a Vlachovič, Jozef,
|d 1929-1977
|2 SNKMA
|9 219728
|
| 655 |
|
7 |
|a biografické heslá
|2 SNKPH
|9 368942
|
| 773 |
0 |
|
|t Slovenský biografický slovník : (od roku 833 do roku 1990). VI. zväzok, T-Ž
|d Martin : Matica slovenská, 1994
|g S. 295-296
|z 807090111X viaz
|
| 954 |
|
|
|a odborná, vedecká literatúra pôvodná (slovenská)
|2 lita
|
| 958 |
|
|
|a BX
|
| 958 |
|
|
|a OND
|
| 958 |
|
|
|a chapter
|
| 958 |
|
|
|a article25
|
| 999 |
|
|
|c 1336621
|d 1338551
|